000 00344nam a2200157Ia 4500
008 230605s2012 xx 000 0 und d
041 _aeng
100 _aobite
245 _aUltimate family visual dictionary
260 _bDorling pub.
_c2012
300 _a672
365 _b249.5
500 _a2184
520 _aMisc
650 _aDict.
999 _c419343
_d419343